000 00840nam a22002297a 4500
003 BUBTL
008 230101b ||||| |||| 00| 0 eng d
020 _a9780133925852
082 _a418.0071/ B8121t/ 2015
100 _94750
_aBrown, H. Douglas
245 _aTeaching by principles :
_ban interactive approach to language pedagogy/
_cH. Douglas Brown, Heekyeong Lee
250 _a4th Edn.
260 _aNew York:
_bPearson Education:
_cc2015
300 _axvi, 668 p.:
_c25 cm.
500 _aIncludes bibliographical references and indexes
505 _aTeaching by principles, language pedagogy, Teaching, English, English Language, H. Douglas Brown, Heekyeong Lee
650 0 _9194
_aEnglish Language
700 _95122
_aLee, Heekyeong
856 _k0
_l0
_yDownload
942 _2ddc
_cBK
999 _c6891
_d6891